[Event "Finland Team Ch"]
[Site "Helsinki FIN"]
[Date "2015.09.12"]
[Round "1"]
[White "Tiihonen, Ilpo"]
[Black "Kauppala, Pekka"]
[Result "1-0"]
[Section "II Division:3"]
[Board "1"]
[WhiteTeam "Käpylän Shakkikerho 2"]
[BlackTeam "Lauttasaaren Shakkikerho"]
[WhiteElo "1935"]
[BlackElo "2083"]
[Termination "time forfeit"]

1.d4 g6 2.c4 Bg7 3.Nc3 d6 4.e4 e5 5.d5 f5 6.Bd3 Nf6 7.Qc2 Na6 8.exf5 e4 9.Bxe4
Nc5 10.Bg5 Ncxe4 11.Nxe4 Bxf5 12.Nxf6+ Bxf6 13.Bxf6 Qxf6 14.Qd2 O-O 15.Ne2
Rae8 16.O-O Re4 17.b3 Rfe8 18.Ng3 Rd4 19.Qc3 c5 20.dxc6 bxc6 21.Rad1 c5
22.Nxf5 gxf5 23.Rxd4 cxd4 24.Qd3 Re4 25.Rd1 Qe5 26.g3 h5 27.Kf1 h4 28.b4 h3
29.a4 Kf8 30.a5 Kf7 31.a6 Kf6 32.Rc1 f4 33.g4 d5 34.c5 1-0

[Event "Finland Team Ch"]
[Site "Helsinki FIN"]
[Date "2015.09.12"]
[Round "1"]
[White "Heikkinen, Jyrki"]
[Black "Niemelä, Tuomas"]
[Result "1-0"]
[Section "II Division:3"]
[Board "2"]
[WhiteTeam "Lauttasaaren Shakkikerho"]
[BlackTeam "Käpylän Shakkikerho 2"]
[WhiteElo "2050"]
[BlackElo "1927"]

1.d4 Nf6 2.Nc3 g6 3.e4 d6 4.Bg5 Bg7 5.Qd2 O-O 6.Bh6 c6 7.h4 e5 8.Bxg7 Kxg7
9.O-O-O Nbd7 10.Be2 Qb6 11.dxe5 dxe5 12.h5 Rh8? 13.h6+ Kf8 14.f4 Qc5 15.Nf3
Ng4 16.Nxe5 (16.Rh4!) Ngxe5 17.fxe5 Qxe5 18.Rhf1 (18.Bg4 Ke7 19.Bxd7 Rd8
20.Nd5+) Ke7 19.Bc4 f6 20.Ne2 Nb6 21.Bb3 Be6 22.Bxe6 Kxe6 23.Nd4+ Ke7 24.Nf3
Qc7 25.e5 f5 26.Qg5+ Ke8 27.Rd6 Qe7 28.Qf4 Nd5 29.Qd4 Nb6 30.Rd1 Rf8 31.a4 Kf7
32.a5 Nd5 33.c4 Rad8 34.cxd5 Rxd6 35.exd6 Qxd6 36.Ng5+ Ke8 37.Re1+ Kd7 38.Re6
Qxd5 39.Qg7+ 1-0

[Event "Finland Team Ch"]
[Site "Helsinki FIN"]
[Date "2015.09.12"]
[Round "1"]
[White "Lindqvist, Lasse"]
[Black "Vesely, Petr"]
[Result "1/2-1/2"]
[Section "II Division:3"]
[Board "3"]
[WhiteTeam "Käpylän Shakkikerho 2"]
[BlackTeam "Lauttasaaren Shakkikerho"]
[WhiteElo "1919"]
[BlackElo "1989"]

1.c4 c5 2.Nc3 g6 3.g3 Bg7 4.Bg2 Nc6 5.Nf3 e5 6.O-O Nge7 7.b3 O-O 8.Rb1 d5
9.cxd5 Nxd5 10.Nxe5 Nxc3 11.Nxc6 Nxe2+ 12.Qxe2 bxc6 13.Bxc6 Bf5 14.Be4 Re8
15.f3 Qd4+ 16.Kg2?? Bxe4? (16...Rxe4 17.fxe4 Bxe4+ 18.Rf3 Bxb1 {-+}) 17.fxe4
Qxe4+ 18.Qxe4 Rxe4 19.Bb2 Rd8 20.Rf2 Rd3 21.Bxg7 Kxg7 22.Rc1 Rd5 23.Rc2 f5
24.Kf3 Kf6 25.Re2 Red4 26.h3 g5 27.Kf2 f4 (27...h5 28.Ke1 h4 29.Re3 hxg3
30.Rxg3 Re5+ 31.Kf2) 28.gxf4 gxf4 29.Ke1 Kf5 (29...h5 30.Re8) 30.Re7 Re4+
31.Rxe4 Kxe4 32.Ke2 f3+ 33.Kf2 Rd3 34.Rc4+ Kd5 35.Ra4 Rxd2+ 36.Kxf3 Rd3+
37.Kg2 Rd2+ 38.Kf1 Rd3 39.Kg2 Rd2+ 40.Kf1 Rd3 41.Kg2 Rd2+ 1/2-1/2

[Event "Finland Team Ch"]
[Site "Helsinki FIN"]
[Date "2015.09.12"]
[Round "1"]
[White "Mähönen, Timo"]
[Black "Nurmela, Janne"]
[Result "1-0"]
[Section "II Division:3"]
[Board "4"]
[WhiteTeam "Lauttasaaren Shakkikerho"]
[BlackTeam "Käpylän Shakkikerho 2"]
[WhiteElo "1965"]
[BlackElo "1879"]

1.e4 e5 2.Nf3 Nc6 3.d4 exd4 4.Bc4 Bc5 5.c3 d6 6.O-O dxc3 7.Qb3 Qf6 8.Nxc3 Nge7
9.Nd5 Nxd5 10.exd5 Ne5 11.Nxe5 Qxe5 12.Bb5+ Kf8 13.Bd2 Bg4 14.h3 Bh5 15.Rae1
Qf6 16.Re4 a6 17.Bc3 Qg5 18.h4 Qf5 19.Bd3 Qc8 20.Rfe1 f6 21.Re7 b5 22.Bxf6
gxf6 23.Qc3 Qg4 24.Qxf6+ Kg8 25.Bf5 Bd4 26.Be6+ 1-0

[Event "Finland Team Ch"]
[Site "Raisio FIN"]
[Date "2015.09.12"]
[Round "1"]
[White "Ranki, Martti"]
[Black "Heimonen, Arto"]
[Result "1-0"]
[Section "II Division:1"]
[Board "4"]
[WhiteTeam "Turun Shakinystävät"]
[BlackTeam "Lauttasaaren Shakkikerho 2"]
[WhiteElo "1940"]
[BlackElo "1657"]

1.Nf3 Nf6 2.g3 e6 3.Bg2 Be7 4.O-O O-O 5.c4 d5 6.b3 Nbd7 7.d4 Ne4 8.Bb2 f5
9.Nc3 c6 10.Rc1 g5 11.cxd5 exd5 12.Qd3 g4 13.Nd2 Bg5 14.e3 Re8 15.Ndxe4 fxe4
16.Qe2 Nf6 17.b4 b5 18.Qc2 Bd7 19.a4 Qe7 20.Qd2 Qxb4 21.Nxe4 Qxd2 22.Nxd2 bxa4
23.Ra1 a5 24.Rxa4 c5 25.Ra2 a4 26.dxc5 Ne4 27.Nxe4 dxe4 28.Rfa1 Bc6 29.Bf1 Ra5
30.Bd4 Be7 31.Rc1 Bd5 32.Bc4 Bxc4 33.Rxc4 Rc8 34.Rcxa4 Rb5 35.Ra8 Rxa8
36.Rxa8+ Kf7 37.c6 Bd6 38.c7 Bxc7 39.Ra7 Rb1+ 40.Kg2 Rc1 41.Bb6 1-0

[Event "Finland Team Ch"]
[Site "Kirkkonummi FIN"]
[Date "2015.09.12"]
[Round "1"]
[White "Paasonen, Pasi"]
[Black "Heikkilä, Janne"]
[Result "0-1"]
[Section "III Division:6"]
[Board "5"]
[WhiteTeam "Lauttasaaren Shakkikerho 3"]
[BlackTeam "Kirkkonummen Shakkikerho"]
[WhiteElo "1392"]
[BlackElo "1672"]

1.Nf3 e6 2.d4 Nf6 3.c4 d5 4.Nc3 c6 5.e3 Bb4 6.Bd2 O-O 7.Bd3 Nbd7 8.O-O c5 9.a3
Ba5 10.cxd5 exd5 11.dxc5 Nxc5 12.Bc2 Bc7 13.h3 a6 14.Re1 Be6 15.Rc1 Qd7 16.Ng5
Rad8 17.Nxe6 fxe6 18.e4 d4 19.Na4 Nfxe4 20.Bxe4 Nxa4 21.Qb3 b5 22.Rc6 Rde8
23.Rxe6 Qf7 24.Bf3 Nc5 25.Qd5 Nxe6 26.Rxe6 Rxe6 27.Qxd4 Rd6 28.Qc3 Rf6 29.b4
Rxf3 30.gxf3 Qxf3 31.Be3 Qd1+ 32.Kg2 Qd5+ 33.Kf1 Qh1+ 34.Ke2 Qf3+ 35.Kd2 Bf4
36.Bxf4 Qxc3+ 37.Kxc3 Rxf4 0-1

[Event "Finland Team Ch"]
[Site "Espoo FIN"]
[Date "2015.10.10"]
[Round "2"]
[White "Siikonen, Timo"]
[Black "Lammi, Esa"]
[Result "1/2-1/2"]
[Section "III Division:6"]
[Board "1"]
[WhiteTeam "Lauttasaaren Shakkikerho 3"]
[BlackTeam "Matinkylän Shakkikerho 4"]
[WhiteElo "1785"]
[BlackElo "1849"]

1.e4 c5 2.f4 d5 3.exd5 Qxd5 4.Nc3 Qd8 5.Bb5+ Bd7 6.Qe2 Nc6 7.Nf3 Nf6 8.O-O a6
9.Bxc6 Bxc6 10.Ne5 Rc8 11.d3 e6 12.Be3 Be7 13.Qf2 O-O 14.Qg3 Nd5 15.Nxd5 Bxd5
16.f5 exf5 17.Rxf5 Be6 18.Rf3 Bd5 19.Rf5 Be6 20.Rf3 f5 21.Raf1 b5 22.Qf2 Bd6
23.Bf4 Kh8 24.Qe2 Qf6 25.Ng6+ hxg6 26.Bxd6 Qd4+ 27.Re3 Rfe8 28.Be5 Qd7 29.Qf2
Kg8 30.Qh4 Qd8 31.Qg3 g5 32.Qf3 Qd7 33.h3 Qf7 34.Rfe1 Bd5 35.Qf2 c4 36.d4 Be4
37.Rf1 Qe6 38.Qg3 Qe7 39.c3 Bd3 40.Rxd3 cxd3 41.Qxd3 g6 42.a3 Red8 43.Qe3 Re8
44.Rf3 Rf8 45.Qd3 Qe6 46.Qe3 Qe7 47.Qd2 Rcd8 48.Qc2 Rc8 49.Qd3 Rcd8 50.Qe2
Rde8 51.Qd3 Qe6 52.Qd2 f4 53.Kh2 Rf7 54.Kg1 Ref8 55.Qd3 Qf5 56.Qd2 Qe4 57.Qd1
Re8 58.Qf1 Rd8 59.Qf2 Qb1+ 60.Kh2 Rh7 61.Qe2 Re8 62.Rf1 Qf5 63.Kg1 Rh4 64.Qf3
Qe6 65.Qb7 Rh7 66.Qe4 Qf5 67.Qc6 Qe6 68.Qe4 Qf5 1/2-1/2

[Event "Finland Team Ch"]
[Site "Espoo FIN"]
[Date "2015.10.10"]
[Round "2"]
[White "Paasonen, Pasi"]
[Black "Valtari, Toivo"]
[Result "0-1"]
[Section "III Division:6"]
[Board "5"]
[WhiteTeam "Lauttasaaren Shakkikerho 3"]
[BlackTeam "Matinkylän Shakkikerho 4"]
[WhiteElo "1384"]
[BlackElo "1617"]

1.Nf3 d5 2.d4 Nf6 3.e3 e6 4.c4 c6 5.Bd3 Nbd7 6.O-O Be7 7.Nc3 b6 8.Qc2 Bb7
9.Re1 c5 10.h3 dxc4 11.Be4 Nxe4 12.Nxe4 Bxe4 13.Qxe4 Nf6 14.Qc2 b5 15.b3 cxb3
16.axb3 Qb6 17.Bb2 O-O 18.dxc5 Qxc5 19.Qxc5 Bxc5 20.Red1 a5 21.Ne5 a4 22.bxa4
bxa4 23.Ba3 Bxa3 24.Rxa3 Nd5 25.Rc1 Ra6 26.Rc4 Rfa8 27.Nd3 f6 28.Nb4 Nxb4
29.Rxb4 Kf7 30.f3 e5 31.Kf2 Ke6 32.Rb7 R8a7 33.Rb4 Kd6 34.e4 Kc5 35.Rb2 Kc4
36.Ke2 Rd7 37.g3 Rd4 38.Rb7 Kc5 39.Rxg7 Kb4 40.Ra1 a3 41.Rb7+ Kc5 42.Rc1+ Kd6
43.Rbb1 a2 44.Ra1 Rb4 45.Rc2 Rba4 46.g4 Ke6 47.h4 Kf7 48.h5 Kg7 49.Rd1 a1Q
50.Rd7+ Kh6 51.Rd3 Ra2 0-1

[Event "Finland Team Ch"]
[Site "Heinola FIN"]
[Date "2015.10.11"]
[Round "2"]
[White "Seppälä, Aki"]
[Black "Kauppala, Pekka"]
[Result "1-0"]
[Section "II Division:3"]
[Board "1"]
[WhiteTeam "Jyväs-Shakki 2"]
[BlackTeam "Lauttasaaren Shakkikerho"]
[WhiteElo "2056"]
[BlackElo "2069"]

1.e4 e5 2.Nf3 Nc6 3.d4 exd4 4.Bc4 Nf6 5.e5 d5 6.Bb5 Ne4 7.Nxd4 Bc5 8.Be3 Bd7
9.Bxc6 bxc6 10.Nd2 Qh4 11.O-O Bb6 12.f4 g6 13.Nxe4 dxe4 14.Qd2 Rd8 15.Qc3 O-O
16.Rae1 c5 17.Nb3 Bb5 18.Rf2 Rd5 19.Nxc5 Rfd8 20.Nxe4 Rd1 21.Bxb6 axb6 22.Qe3
R8d4 23.Nc3 Rxe1+ 24.Qxe1 Bc6 25.Qe3 Qd8 26.e6 Rd6 27.exf7+ Kxf7 28.f5 g5
29.h3 h6 30.Kh2 Qf6 31.Qe2 Kg8 32.Kg1 Kf8 33.Ne4 Bxe4 34.Qxe4 Qxb2 35.Re2 Qf6
36.Qe8+ 1-0

[Event "Finland Team Ch"]
[Site "Heinola FIN"]
[Date "2015.10.11"]
[Round "2"]
[White "Heikkinen, Jyrki"]
[Black "Hartio, Ilkka"]
[Result "1/2-1/2"]
[Section "II Division:3"]
[Board "2"]
[WhiteTeam "Lauttasaaren Shakkikerho"]
[BlackTeam "Jyväs-Shakki 2"]
[WhiteElo "2057"]
[BlackElo "2036"]

1.d4 Nf6 2.Nc3 d5 3.e4 dxe4 4.f3 c5 5.d5 exf3 6.Nxf3 a6 7.Bg5 Nbd7 8.Qe2 g6
9.O-O-O Bg7 10.d6 h6 11.dxe7 Qxe7 12.Qd2 O-O 13.Re1 Qd8 14.Bxh6 Nb6 15.Bxg7
Qxd2+ 16.Nxd2 Kxg7 17.g3 Be6 18.Bg2 Rab8 19.Nde4 Nxe4 20.Bxe4 1/2-1/2

[Event "Finland Team Ch"]
[Site "Heinola FIN"]
[Date "2015.10.11"]
[Round "2"]
[White "Eloranta, Kari"]
[Black "Vesely, Petr"]
[Result "1-0"]
[Section "II Division:3"]
[Board "3"]
[WhiteTeam "Jyväs-Shakki 2"]
[BlackTeam "Lauttasaaren Shakkikerho"]
[WhiteElo "1979"]
[BlackElo "1987"]

1.e4 d5 2.exd5 Nf6 3.Nf3 Nxd5 4.d4 c6 5.c4 Nb6 6.Be2 Bg4 7.b3 N8d7 8.O-O e6
9.Be3 Be7 10.Nc3 Nf6 11.h3 Bh5 12.g4 Bg6 13.Ne5 Bb4 14.Qc1 Ne4 15.Nxe4 Bxe4
16.f3 Bg6 17.a3 Be7 18.Kg2 Nd7 19.Nxg6 hxg6 20.f4 Nb6 21.Qc2 Bf6 22.Rad1 Qc7
23.Bf3 Rd8 24.b4 Rd7 25.Rd2 O-O 26.Rfd1 Re8 27.Qb3 Nc8 28.Rc2 Qb8 29.a4 Red8
30.Rcd2 Qc7 31.Rd3 Be7 32.a5 Bd6 33.Rf1 b5 34.cxb5 cxb5 35.d5 Bxf4 36.Rc3 Qb8
(36...Qe5) 37.dxe6 Rd2+ 38.Bxd2 Rxd2+ 39.Rf2 Rxf2+ 40.Kxf2 Bd2 41.exf7+ Kf8
42.Rd3 Bg5 43.Qd5 Bh4+ 44.Ke2 Qg3 45.Qc5+ Ne7 46.Rd8+ Kxf7 47.Bd5+ 1-0

[Event "Finland Team Ch"]
[Site "Heinola FIN"]
[Date "2015.10.11"]
[Round "2"]
[White "Joutsivuo, Timo"]
[Black "Salmelin, Aaro"]
[Result "1/2-1/2"]
[Section "II Division:3"]
[Board "4"]
[WhiteTeam "Lauttasaaren Shakkikerho"]
[BlackTeam "Jyväs-Shakki 2"]
[WhiteElo "1863"]
[BlackElo "1813"]

1.e4 e5 2.Nf3 Nf6 3.Nc3 Bb4 4.d3 Nc6 5.Bg5 O-O 6.Be2 h6 7.Bh4 Re8 8.O-O g5
9.Bg3 d6 10.h3 Be6 11.Nh2 Nd4 12.Bg4 Nxg4 13.Nxg4 Bxg4 14.Qxg4 Nxc2 15.Rac1
Nd4 16.Qh5 c6 17.h4 Qf6 18.a3 Bxc3 19.bxc3 Ne6 20.Rfe1 Nf4 21.Bxf4 exf4 22.g3
gxh4 23.Qxh4 Qxh4 24.gxh4 Kh7 25.Kg2 Re6 26.Kf3 Rg8 27.Rg1 Rxg1 28.Rxg1 Rg6
29.Rg4 Rxg4 30.Kxg4 Kg6 31.h5+ Kf6 32.Kxf4 b5 33.d4 a5 34.e5+ dxe5+ 35.dxe5+
Ke6 36.Ke4 c5 37.f4 b4 38.f5+ Kd7 39.cxb4 cxb4 40.axb4 axb4 41.Kd4 1/2-1/2

[Event "Finland Team Ch"]
[Site "Heinola FIN"]
[Date "2015.10.11"]
[Round "2"]
[White "Halmesvirta, Anssi"]
[Black "Kumar, Ashwin"]
[Result "0-1"]
[Section "II Division:3"]
[Board "5"]
[WhiteTeam "Jyväs-Shakki 2"]
[BlackTeam "Lauttasaaren Shakkikerho"]
[WhiteElo "1730"]
[BlackElo "1806"]

1.Nf3 Nf6 2.g3 g6 3.Bg2 Bg7 4.O-O O-O 5.d3 d5 6.Nbd2 Bg4 7.h3 Bxf3 8.Bxf3 Qd7
9.Bg2 c5 10.e4 Nc6 11.c3 e5 12.Qe2 d4 13.c4 a6 14.b3 b6 15.Nf3 Ne8 16.Kh2 Nc7
17.Bd2 Rab8 18.h4 b5 19.Rab1 Nd8 20.Bh3 Qe7 21.Ng5 f6 22.Nf3 Nf7 23.Kg2 b4
24.Nh2 a5 25.h5 g5 26.Bf5 a4 27.bxa4 Ra8 28.Ng4 h6 29.Rb2 Rxa4 30.Rfb1 Rfa8
31.Be1 Ne8 32.Qc2 Ned6 33.Bg6 Nh8 34.Bf5 Qa7 35.Ra1 Nxf5 36.exf5 Qb7+ 37.f3
Qd7 38.Nf2 Qxf5 39.Ne4 Bf8 40.g4 Qe6 41.Bg3 Nf7 42.Qe2 Kg7 43.Kh2 Ra3 44.Nd2
Qc6 45.Nb3 Nd8 46.Kg2 Nb7 47.Be1 Bd6 48.Bg3 R8a7 49.Be1 Kf7 50.Bg3 Na5 51.Rab1
Nb7 52.Ra1 Nd8 53.Kf2 Ne6 54.Qe1 Re7 55.Re2 Ng7 56.Re4 Rea7 57.Re2 Qa8 58.Qb1
Re7 59.Rb2 Qc8 60.Qe1 Qe6 61.Qe4 f5 62.Qe2 fxg4 63.fxg4 e4 64.Bxd6 e3+ 65.Kg2
Qxd6 66.Rf1+ Kg8 67.Qf3 Ne6 68.Qf5 Nf4+ 69.Kf3 Qc6+ 0-1

[Event "Finland Team Ch"]
[Site "Helsinki FIN"]
[Date "2015.11.07"]
[Round "3"]
[White "Kauppala, Pekka"]
[Black "Nazarova, Anastasia"]
[Result "1-0"]
[Section "II Division:3"]
[Board "1"]
[WhiteTeam "Lauttasaaren Shakkikerho"]
[BlackTeam "Espoon Shakkikerho"]
[WhiteElo "2059"]
[BlackElo "1961"]

1.e4 c5 2.Nf3 g6 3.d4 cxd4 4.Qxd4 Nf6 5.e5 Nc6 6.Qa4 Nd5 7.Bd2 Bg7 8.Nc3 Nc7
9.Qe4 d5 10.exd6 Qxd6 11.O-O-O Bf5 12.Qa4 Qb4 13.Qxb4 Nxb4 14.Nb5 Nxb5 15.Bxb4
Nc7 16.Bd3 Bd7 17.Rhe1 e6 18.Ne5 Bxe5 19.Rxe5 Nd5 20.Bc5 f6 21.Ree1 Kf7 22.Be4
Bc6 23.c4 Rhc8 24.cxd5 Bxd5 25.Rxd5 exd5 26.Bxd5+ Kg7 27.b4 Re8 28.Rxe8 Rxe8
29.Bxb7 Re2 30.a4 Re5 31.a5 Kf7 32.a6 Ke8 33.Bxa7 Kd7 34.Bb8 1-0

[Event "Finland Team Ch"]
[Site "Helsinki FIN"]
[Date "2015.11.07"]
[Round "3"]
[White "Kokko, Esa"]
[Black "Heikkinen, Jyrki"]
[Result "1/2-1/2"]
[Section "II Division:3"]
[Board "2"]
[WhiteTeam "Espoon Shakkikerho"]
[BlackTeam "Lauttasaaren Shakkikerho"]
[WhiteElo "1824"]
[BlackElo "2057"]

1.d4 Nf6 2.Nf3 g6 3.g3 Bg7 4.Bg2 O-O 5.O-O d6 6.c4 c6 7.Nc3 Bg4 8.Qc2 Qc8
9.Re1 Na6 10.a3 Rb8 11.Bd2 Re8 12.Rad1 e5 13.dxe5 dxe5 14.Be3 b6 15.Qa4 Bd7
16.Rd6 Nc5 17.Bxc5 bxc5 18.Qxa7 Rxb2 19.Na4? (19.Ng5) Rb7 20.Qa5 Ne4 21.Rd3
Qb8 (21...Nxf2!) 22.Red1 Ra7 23.Qb6 Rb7 24.Qa5 Ra7 25.Qb6 1/2-1/2

[Event "Finland Team Ch"]
[Site "Helsinki FIN"]
[Date "2015.11.07"]
[Round "3"]
[White "Sobenin, Evgeny"]
[Black "Nyström, Leif"]
[Result "1-0"]
[Section "II Division:3"]
[Board "3"]
[WhiteTeam "Lauttasaaren Shakkikerho"]
[BlackTeam "Espoon Shakkikerho"]
[WhiteElo "1914"]
[BlackElo "1958"]

1.d4 Nf6 2.c4 e6 3.Nc3 b6 4.e4 d6 5.Nf3 Be7 6.Bd3 Bb7 7.O-O Nbd7 8.Bg5 e5 9.b4
O-O 10.Qc2 h6 11.Bh4 Nh5 12.Bxe7 Qxe7 13.Nd5 Qd8 14.c5 c6 15.dxe5 cxd5 16.c6
Rc8 17.exd5 Nxe5 18.Nxe5 dxe5 19.Bf5 Ba6 20.Rfd1 Qd6 21.Bxc8 Bxc8 22.Qc4 f5
23.a4 Kh8 24.a5 Nf4 25.Rd2 e4 26.axb6 axb6 27.Qd4 Qg6 28.g3 Qg4 29.Ra7 Rg8
30.Qe3 Nh3+ 31.Kf1 Ng5 32.d6 Be6 33.Rd4 Nf3 34.d7 Nxh2+ 35.Ke1 Nf3+ 36.Kf1
Qh3+ 37.Ke2 Qh1 38.Qc3 Nxd4+ 39.Qxd4 Qf3+ 40.Ke1 Qh1+ 41.Kd2 Bb3 42.Ra1 e3+
43.Kxe3 f4+ 44.Kd2 Qxc6 45.d8=Q Qc2+ 46.Ke1 Rxd8 47.Qxd8+ Kh7 48.Qd4 Bc4
49.Qd2 Qe4+ 50.Kd1 Qh1+ 51.Qe1 Qf3+ 52.Kc1 fxg3 53.fxg3 Qf1 54.Qxf1 Bxf1
55.Kd2 Bc4 56.Ke3 b5 57.Kf4 Kg6 58.Ra7 Kf6 59.Ra6+ Kf7 60.Ke5 h5 61.Kf5 Be2
62.Ra7+ Kf8 63.Kg6 Bd3+ 64.Kxh5 g6+ 65.Kg5 Ke8 66.Rg7 1-0

[Event "Finland Team Ch"]
[Site "Helsinki FIN"]
[Date "2015.11.07"]
[Round "3"]
[White "Raivio, Pertti"]
[Black "Lehtinen, Tero"]
[Result "1-0"]
[Section "II Division:3"]
[Board "4"]
[WhiteTeam "Espoon Shakkikerho"]
[BlackTeam "Lauttasaaren Shakkikerho"]
[WhiteElo "1891"]
[BlackElo "1864"]

1.e4 e6 2.d4 d5 3.Nd2 Nf6 4.e5 Nfd7 5.Bd3 c5 6.c3 Nc6 7.Ne2 b6 8.O-O Be7 9.Nf3
f6 10.exf6 Bxf6 11.Bb5 Bb7 12.Nf4 Kf7 13.Re1 Re8 14.dxc5 Nxc5 15.Nh5 e5
16.Nxf6 gxf6 17.Nh4 a6 18.Qh5+ Ke6 19.Bf1 Ne7 20.g3 Kd6 21.Bh6 Kc7 22.Rad1 Qd7
23.Bg7 Qe6 24.Be2 Bc8 25.Bh6 Rg8 26.Be3 Nd7 27.Qxh7 Bb7 28.Bf1 Rh8 29.Qc2 Rxh4
30.gxh4 Rg8+ 31.Bg5 fxg5 32.h5 Qg4+ 33.Bg2 d4 34.cxd4+ Kb8 35.f3 Bxf3 36.Rd2
Bxg2 37.Rxg2 Qxd4+ 38.Kh1 Rc8 39.Qh7 Qd6 40.Qe4 Qh6 41.Qd3 Nc5 42.Qe3 Nd7
43.Rxg5 Qc6+ 44.Rg2 Rg8 45.Reg1 Nf5 46.Qc3 Qb7 47.Qh3 Rxg2 48.Rxg2 Qe4 49.Qg4
Qxg4 50.Rxg4 Kc7 51.Rg5 Nh6 52.Rg6 Nf7 53.h6 e4 54.h7 e3 55.Re6 Ng5 56.h8=Q
Nxe6 57.Qc3+ 1-0

[Event "Finland Team Ch"]
[Site "Helsinki FIN"]
[Date "2015.11.07"]
[Round "3"]
[White "Kumar, Ashwin"]
[Black "Alho, Olli"]
[Result "1/2-1/2"]
[Section "II Division:3"]
[Board "5"]
[WhiteTeam "Lauttasaaren Shakkikerho"]
[BlackTeam "Espoon Shakkikerho"]
[WhiteElo "1847"]
[BlackElo "1801"]

1.d4 Nf6 2.c4 c5 3.d5 d6 4.Nc3 g6 5.e4 Bg7 6.h3 O-O 7.Nf3 a6 8.a4 Nbd7 9.Be2
Re8 10.O-O Nb6 11.Bd3 e6 12.Re1 exd5 13.exd5 Rxe1+ 14.Qxe1 Bd7 15.Bf4 Nc8
16.Nd2 Nh5 17.Bh2 Nf6 18.Ra2 Qb6 19.Qe2 Qb4 20.Nde4 Nxe4 21.Nxe4 Bf5 22.Ng5
Bd7 23.Ne4 Bxa4 24.Bxd6 Nxd6 25.Nxd6 Bb3 26.Ra1 Bf8 27.Ne8 Bg7 28.Nxg7 Kxg7
29.Qe1 Qxe1+ 30.Rxe1 Rd8 31.Re5 b5 32.cxb5 axb5 33.Bxb5 Rxd5 34.Rxd5 Bxd5
35.h4 f5 36.f4 Kf6 37.Kf2 h6 38.g3 g5 39.hxg5+ hxg5 40.Ke3 gxf4+ 41.Kxf4 Be6
42.Ba4 Bc8 43.Bb3 Bd7 44.Bg8 Bc8 1/2-1/2

[Event "Finland Team Ch"]
[Site "Helsinki FIN"]
[Date "2015.11.07"]
[Round "3"]
[White "Tuominen, Tanja"]
[Black "Piippo, Mikko"]
[Result "0-1"]
[Section "II Division:1"]
[Board "1"]
[WhiteTeam "Turun Työväen Shakkikerho 2"]
[BlackTeam "Lauttasaaren Shakkikerho 2"]
[WhiteElo "2116"]
[BlackElo "1840"]
[WhiteTitle "WIM"]

1.e4 d5 2.exd5 Qxd5 3.Nc3 Qd6 4.d4 Nf6 5.Nf3 g6 6.Bc4 Bg4 7.Be3 Bxf3 8.Qxf3 c6
9.g4 b5 10.Bxb5 cxb5 11.Qxa8 Nxg4 12.O-O-O Nxe3 13.fxe3 Bh6 14.Rd3 O-O 15.Qd5
Qxd5 16.Nxd5 e6 17.Nf6+ Kg7 18.Ng4 Bg5 19.h4 Be7 20.e4 Nc6 21.h5 f5 22.exf5
exf5 23.Ne5 Nxe5 24.dxe5 g5 25.Rd7 Kf7 26.Rxa7 Ke6 27.Ra6+ Kd5 28.Ra7 Re8
29.Rd1+ Ke4 30.e6 g4 31.Rdd7 Bg5+ 32.Kd1 h6 33.a4 g3 34.Ke2 Rxe6 35.Rf7 Rd6
36.Rad7 Re6 37.axb5 Kf4+ 38.Kf1 Re5 39.Rd4+ Kf3 40.Rd3+ Be3 41.Rxe3+ Kxe3
42.b6 Kf3 43.Rg7 Rd5 44.Ke1 Re5+ 45.Kd2 g2 46.b7 Rb5 47.c4 Rxb2+ 48.Kc3 Rxb7
49.Rg6 Kf2 0-1

[Event "Finland Team Ch"]
[Site "Helsinki FIN"]
[Date "2015.11.07"]
[Round "3"]
[White "Siikonen, Timo"]
[Black "Olander, Aleksi"]
[Result "0-1"]
[Section "II Division:1"]
[Board "2"]
[WhiteTeam "Lauttasaaren Shakkikerho 2"]
[BlackTeam "Turun Työväen Shakkikerho 2"]
[WhiteElo "1788"]
[BlackElo "2092"]

1.e4 c5 2.f4 e6 3.Nf3 g6 4.Nc3 Bg7 5.Bc4 Ne7 6.O-O O-O 7.a3 d5 8.exd5 exd5
9.Ba2 Nbc6 10.d3 Rb8 11.Qe1 b5 12.Qf2 Bg4 13.Kh1 Bxf3 14.Qxf3 Nd4 15.Qf2 b4
16.axb4 cxb4 17.Nd1 Qa5 18.Ne3 Rfc8 19.Bd2 Qb5 20.c3 b3 21.Bb1 Nc2 22.Nxc2
bxc2 23.Bxc2 Qxb2 24.Rfc1 Bxc3 25.Rab1 Qa3 26.Rxb8 Rxb8 27.Qe1 Bxd2 28.Qxd2
Qb2 29.Kg1 Rc8 30.Kf1 Nf5 31.Ke1 d4 0-1

[Event "Finland Team Ch"]
[Site "Helsinki FIN"]
[Date "2015.11.07"]
[Round "3"]
[White "Morant, Paul"]
[Black "Turtiainen, Kimmo"]
[Result "1-0"]
[Section "II Division:1"]
[Board "3"]
[WhiteTeam "Turun Työväen Shakkikerho 2"]
[BlackTeam "Lauttasaaren Shakkikerho 2"]
[WhiteElo "2078"]
[BlackElo "1784"]

1.e4 e5 2.Nf3 Nf6 3.Nc3 Nc6 4.Bb5 d6 5.d4 exd4 6.Nxd4 Bd7 7.O-O Be7 8.Re1 O-O
9.Bf1 Ne8 10.Nd5 Bf6 11.c3 Ne5 12.f4 Ng6 13.g4 Bh4 14.Re3 c6 15.f5 cxd5
16.fxg6 fxg6 17.Rh3 dxe4 18.Bc4+ Kh8 19.Be3 h5 20.Be6 Bf6 21.gxh5 g5 22.Qg4
Bxd4 23.Bxd4 Rf4 24.Bxd7 Rxg4+ 25.Bxg4 Kg8 26.Rf1 Qe7 27.h6 Rd8 28.Be6+ Qxe6
29.h7+ 1-0

[Event "Finland Team Ch"]
[Site "Helsinki FIN"]
[Date "2015.11.07"]
[Round "3"]
[White "Järvinen, Seppo"]
[Black "Liimatainen, Jero"]
[Result "0-1"]
[Section "II Division:1"]
[Board "4"]
[WhiteTeam "Lauttasaaren Shakkikerho 2"]
[BlackTeam "Turun Työväen Shakkikerho 2"]
[WhiteElo "1695"]
[BlackElo "2020"]

1.e4 c5 2.Nf3 g6 3.Bc4 Bg7 4.O-O e6 5.Nc3 Ne7 6.d4 cxd4 7.Nxd4 d5 8.exd5 exd5
9.Be2 O-O 10.Bf3 Nbc6 11.Nce2 Nxd4 12.Nxd4 Nc6 13.Be3 Ne5 14.Qc1 Bg4 15.Bxg4
Nxg4 16.c3 Rc8 17.Re1 Qd6 18.Nf3 a6 19.Qd2 Nxe3 20.Qxe3 Rc7 21.Rad1 Rd8 22.Qg5
Bf6 23.Qg3 Qb6 24.h3 Rcd7 25.Qf4 Kg7 26.Rd2 d4 27.Nxd4 Bxd4 28.cxd4 Rxd4
29.Qe3 Qf6 30.Red1 Rxd2 31.Rxd2 Rc8 32.Rd7 Qxb2 33.Qe7 Qc1+ 34.Kh2 Qf4+ 0-1

[Event "Finland Team Ch"]
[Site "Helsinki FIN"]
[Date "2015.11.07"]
[Round "3"]
[White "Koskinen, Antti"]
[Black "Heimonen, Arto"]
[Result "1-0"]
[Section "II Division:1"]
[Board "5"]
[WhiteTeam "Turun Työväen Shakkikerho 2"]
[BlackTeam "Lauttasaaren Shakkikerho 2"]
[WhiteElo "1956"]
[BlackElo "1651"]

1.e4 c5 2.g3 Nc6 3.Bg2 Nf6 4.Ne2 e5 5.O-O d6 6.c3 Bd7 7.d4 Qc8 8.Na3 Bh3 9.Qa4
Bxg2 10.Kxg2 Qd7 11.Nc4 Rc8 12.d5 Ne7 13.Nxd6+ Kd8 14.Nxf7+ Kc7 15.d6+ Kb8
16.Qxd7 Nxd7 17.dxe7 Bxe7 18.Nxh8 Rxh8 1-0

[Event "Finland Team Ch"]
[Site "Helsinki FIN"]
[Date "2015.11.07"]
[Round "3"]
[White "Laitinen, Martti"]
[Black "Paasonen, Pasi"]
[Result "1-0"]
[Section "III Division:6"]
[Board "5"]
[WhiteTeam "Suomalainen Shakkikerho 2"]
[BlackTeam "Lauttasaaren Shakkikerho 3"]
[WhiteElo "1671"]
[BlackElo "1325"]

1.d4 d5 2.c4 e6 3.Nc3 Nf6 4.Bg5 Nbd7 5.cxd5 h6 6.Bxf6 Nxf6 7.dxe6 Bxe6 8.e3 a6
9.Bd3 Be7 10.Nf3 O-O 11.O-O Rc8 12.Rc1 c5 13.a3 cxd4 14.Nxd4 Qd7 15.Nxe6 Qxe6
16.Qf3 Rc6 17.Ne4 Rxc1 18.Rxc1 Rd8 19.Bb1 b6 20.h3 Qe5 21.Nc3 a5 22.Rd1 Rxd1+
23.Qxd1 Qd6 24.Qb3 Qc5 25.Ba2 Qh5 26.Qxb6 Bf8 27.Qd4 Qf5 28.e4 Qf4 29.Nd5 Qc1+
30.Kh2 Qc6 31.Nxf6+ Qxf6 32.e5 Qc6 33.Qa7 Kh7 34.Qxf7 Bc5 35.Qg8+ Kg6 36.Bb1+
Kg5 37.Qxg7+ 1-0

[Event "Finland Team Ch"]
[Site "Turku FIN"]
[Date "2015.11.08"]
[Round "4"]
[White "Eriksson, Tom"]
[Black "Piippo, Mikko"]
[Result "1-0"]
[Section "II Division:1"]
[Board "2"]
[WhiteTeam "Aninkaisten Shakki"]
[BlackTeam "Lauttasaaren Shakkikerho 2"]
[WhiteElo "1961"]
[BlackElo "1840"]

1.e4 e6 2.Nf3 d5 3.Nc3 Nf6 4.exd5 exd5 5.d4 Bg4 6.h3 Bh5 7.Be2 Be7 8.O-O O-O
9.Bf4 Re8 10.Re1 c6 11.a3 Nbd7 12.Ne5 Bxe2 13.Rxe2 Nf8 14.Nf3 Ne6 15.Be5 Nd7
16.Bg3 Qb6 17.Rb1 a5 18.Rd2 Qa7 19.Ne5 Nf6 20.Ng4 b5 21.Nxf6+ Bxf6 22.Ne2 Ng5
23.f3 Ne6 24.c3 Qe7 25.Rc2 a4 26.Nf4 Qd7 27.Nd3 Qc8 28.Re2 Be7 29.Qd2 Ra7
30.Rbe1 g6 31.Be5 Qd8 32.Bg3 Qc8 33.Qc2 Ng7 34.Ne5 Nf5 35.Bf2 Bf6 36.Ng4 Be7
37.Nf6+ Kg7 38.Nxe8+ Qxe8 39.g4 Nd6 40.Bh4 Nc8 41.Bxe7 Rxe7 42.Rxe7 Nxe7
43.Qe2 Kf8 44.Qe5 Qd8 45.Qf6 Qc7 46.Rxe7 1-0

[Event "Finland Team Ch"]
[Site "Turku FIN"]
[Date "2015.11.08"]
[Round "4"]
[White "Kumar, Ashwin"]
[Black "Lehtinen, Tero"]
[Result "1-0"]
[Section "II Division:1"]
[Board "3"]
[WhiteTeam "Lauttasaaren Shakkikerho 2"]
[BlackTeam "Aninkaisten Shakki"]
[WhiteElo "1847"]
[BlackElo "1903"]

1.d4 Nf6 2.c4 e6 3.Nc3 Bb4 4.e3 O-O 5.Bd3 d5 6.cxd5 exd5 7.Ne2 Bd6 8.Ng3 c6
9.O-O Re8 10.Bd2 Nbd7 11.Nf5 Bf8 12.f3 g6 13.Ng3 c5 14.Nge2 b6 15.f4 Bb7 16.f5
Bd6?! 17.fxg6 fxg6 18.Nf4 Nf8?! 19.Bb5 N8d7 20.Qa4 a6 21.Bxd7 b5?! 22.Be6+
Rxe6 23.Nxe6 Bxh2+? (23...Qc8) 24.Kh1 Qe7 25.Qd1 b4? (25...Qxe6) 26.Na4 Ne4?!
27.Kxh2 Qxe6 28.Be1? (28.Nxc5) Qd6+ 29.g3? (29.Kg1) c4? (29...cxd4) 30.Nc5
Nxc5 31.dxc5? Qxc5 32.Qd4?! Qe7? (32...Qxd4) 33.Qf6?! Qxf6 34.Rxf6 a5 35.Rb6
Bc8 36.Rd1 Bf5 37.Rxd5 Bb1 38.a3 Re8?! 39.Rxa5 Rxe3?? 40.Ra8+ Kf7 41.Ra7+ 1-0